Culture générale FR #1 - Statistiques

Statistiques générales
  • Ce quiz a été pris 76 fois
  • Le résultat moyen est 6 sur 15
Statistiques - réponses
Hint Réponse % Correct
Quel président est forcé à démissionner après le scandale du Watergate ? Richard Nixon
64%
Quel groupe a une cover d'un bébé nue dans une piscine sur leur album le plus vendu ? Nirvana
63%
Quel footballer détient le record de 5 buts en moins de 9 minutes ? Robert Lewandowski
55%
Quelle actrice française est la vedette de 'Connasse', des sketches en caméra cachée ? Camille Cottin
49%
Quel pâtissier français élu meilleur du monde en 2018 est spécialiste du trompe l'oeil ? Cédric Grolet
48%
Quel triple champion olympique français de canoë monoplace devient par la suite co-président de l'organisation de Paris 2024 ? Tony Estanguet
48%
Quel oiseau sait nager mais ne sait pas voler ? le manchot
46%
Dans quelle ville se trouve l'Alhambra ? Grenade
36%
Quelle organisation assure en France des formations à des métiers traditionnels et est fondé sur la vie en communauté ? Les compagnons du devoir
31%
En statistique quelle est la racine carrée de la variance ? L'écart type
27%
Quelle locution latine désigne un individu qui n'est pas le bienvenu, ou plus en faveur auprès d'un tiers ? Persona non grata
27%
Quel empereur romain est un philosophe à qui l'on doit l'un des ouvrages majeurs du stoïcisme Marc Aurèle
25%
Quel film raconte l'histoire de Desmond Doss, souhaitant s'engager mais refusant de tuer ou de porter une arme en raison de ses croyances adventistes ? Tu ne tueras point
25%
Comment Ulysse survit-il à l'épreuve du chant des sirènes ? Il s'attache au mat
21%
Quel était l'ancien nom de Louxor, ancienne capitale d'Egypte ? Thèbes
9%
Aucun quiz correspondant
Distribution des résultats
% des personnes avec chaque résultat
Percentile par nombre de réponses
Votre historique - résultats
Vous n’avez pas pris ce quiz